Hírnévmenedzsment Magyarországon avagy a magyar PR a nyugatihoz képest

Bibliográfiai részletek
Szerző: Dobó Ákos Gábor
További közreműködők: Szeles Dr. Péter
Dokumentumtípus: Diplomadolgozat
Kulcsszavak:Hírnévmenedzsment
Magyarország
Public relations
Szervezeti felépítés
Szervezeti identitás
Arculat
Kutatás
Online Access:http://dolgozattar.uni-bge.hu/15419

MARC

LEADER 00000nta a2200000 i 4500
001 dolg15419
005 20210318123042.0
008 180507suuuu hu om 000 hun d
040 |a BGE Dolgozattár Repozitórium  |b hun 
041 |a hu 
100 1 |a Dobó Ákos Gábor 
245 1 0 |a Hírnévmenedzsment Magyarországon avagy a magyar PR a nyugatihoz képest  |c Dobó Ákos Gábor  |h [elektronikus dokumentum] 
695 |a Hírnévmenedzsment 
695 |a Magyarország 
695 |a Public relations 
695 |a Szervezeti felépítés 
695 |a Szervezeti identitás 
695 |a Arculat 
695 |a Kutatás 
700 1 |a Szeles Dr. Péter  |e ths 
856 4 0 |u http://dolgozattar.uni-bge.hu/15419/1/H%C3%ADrn%C3%A9vmenedzsment%20Magyarorsz%C3%A1g%20%281%29.pdf  |z Dokumentum-elérés